002310000a220007300045001000022000002450060000223000053000827730022001351 aSchley, Donald G.10aThe "salisîm" : Officers or special three-man squads? aVol. 40, Num. 3 (Julio, 1990), Páginas 321-3260 tVetus Testamentum